000 00732nam a2200253 a 4500
001 15489
003 BD-RjUL
005 20211208235827.0
008 161124119644 nyu 000 0 und d
035 _a(BD-RjUL)15543
040 _aEQO
_cEQO
_beng
_dBD-RjUL
041 _aeng
082 _a658.15
_bWAF 1964
_223
100 1 _aWalker, Ernest Winfield.
_948111
245 1 0 _aFinancial planning and policy /
_cby E.W. Walker .
250 _a1st ed.
260 _aNew York &c.,
_c1964.
300 _axiv,506 p.:
_bill . ;
_c23 cm.
490 1 _aHarper internat. student repr.
650 _aCorporations--Finance
_9166824
700 1 _aBaughn, W. H.
_948112
830 0 _aHarper internat. student repr.
_9166825
942 _2ddc
_cBK
999 _c15489
_d15489